000 00236nam a2200097Ia 4500
008 230508s1999 xx 000 0 und d
041 _aeng
100 _aRICHARD L LITTLE
245 _aWELDING AND WELDING TECH.
260 _bTATA MCG
_c1999
999 _c740533
_d740533